000 00628nam a2200229Ia 4500
003 OSt
005 20250219142750.0
008 210423s2010 xx 000 0 und d
020 _a9788120335370
040 _cAL
041 _aeng
082 _a332
_223
_bGOMF
100 _aClifford Gomez
_984451
245 _aFinancial markets institutions and financial services
260 _aNew Delhi
_bPHI Learning Pvt Ltd
_c2010
300 _axxv,501
365 _b375
_cINR
650 _aEconomics
_984452
650 _aFinancial Economics
_984453
906 _aFinancial ; institutions ; markets ; services
942 _2ddc
_cBK
999 _c157016
_d157016